00369nam a2200133Ia 4500003000400000008004100004040001600045082001600061100002300077245006600100260003400166300001100200650002400211GCL140319s9999 xx 000 0 eng d aGCL / cGCL04a320.12bS A1 aSHORT, JOHN RENNIE10aAN INTRODUCTION TO POLITICAL GEOGROPHY / cSHORT, JOHN RENNIE a[S.N] : bROUTLEDGE ، c1993 a178 PP04aPOLITICAL GEOGRAPHY